| 000 | 00824nam a2200241 4500 | ||
|---|---|---|---|
| 003 | LK-CoMWRAF | ||
| 005 | 20231120093145.0 | ||
| 008 | 230819b2006 |||||||| |||| 00| 0 eng d | ||
| 020 | _a9221191621 | ||
| 040 |
_aLK-CoMWRAF _dLK-CoMWRAF _eLK-CoMWRAF |
||
| 041 | _aeng | ||
| 082 |
_a331.4 _bWIC |
||
| 100 | _aWickramasinghe, Maithree. | ||
| 245 |
_aBeyond Glass Ceilings and Brick Walls: Gender at the Workplace: _bGender at the Workplace |
||
| 260 |
_aColombo: _bInternational Labour Organization, _c2006 |
||
| 300 |
_axix, 106 p. ; 23 cm _bBibliography and Glossary included |
||
| 650 | _aSex discrimination in employment--Sri Lanka. | ||
| 650 | _aSex role in the work environment--Sri Lanka. | ||
| 650 | _aGender identity in workplace | ||
| 650 | _aWomen-Employment | ||
| 700 | _aJayatilaka, Wijaya | ||
| 942 | _cBK | ||
| 999 |
_c3218 _d3218 |
||